Normal view MARC view

Entry Personal Name

Number of records used in: 1

001 - CONTROL NUMBER

  • control field: 42539

003 - CONTROL NUMBER IDENTIFIER

  • control field: dpl

005 - DATE AND TIME OF LATEST TRANSACTION

  • control field: 20120218100347.0

008 - FIXED-LENGTH DATA ELEMENTS

  • fixed length control field: 120218|||a|||||| | ||| d

040 ## - CATALOGING SOURCE

  • Original cataloging agency: dpl
  • Transcribing agency: dpl

100 ## - HEADING--PERSONAL NAME

  • Personal name: गुप्ता, शिव प्रकाश

670 ## - SOURCE DATA FOUND

  • Source citation: Work cat.: (dpl): गुप्ता, शिव प्रकाश , साईं बाबा की जीवनी /, 2002

670 ## - SOURCE DATA FOUND

  • Source citation: Work cat.: (dpl): गुप्ता, शिव प्रकाश , साईं बाबा की जीवनी /, 2002

© Delhi Public Library
Hit Counter
free hit counter